000 00292nam a22001097a 4500
082 _a823
_bBLY/F
100 _aBLYTON, ENID
245 _aFAMOUS FIVE- 5 GET IN TO TROUBLE
246 _aFAMOUS FIVE- 5 GET IN TO TROUBLE
_bFAMOUS FIVE- 5 GET IN TO TROUBLE
650 _aENGLISH FICTION
942 _cBK
999 _c8794
_d8794